<?xml version="1.0" encoding="UTF-8"?><?xml-stylesheet type="text/xsl" href="static/style.xsl"?><OAI-PMH xmlns="http://www.openarchives.org/OAI/2.0/" xmlns:xsi="http://www.w3.org/2001/XMLSchema-instance" xsi:schemaLocation="http://www.openarchives.org/OAI/2.0/ http://www.openarchives.org/OAI/2.0/OAI-PMH.xsd"><responseDate>2026-06-29T02:06:58Z</responseDate><request verb="GetRecord" identifier="oai:docta.ucm.es:20.500.14352/135025" metadataPrefix="marc">https://docta.ucm.es/rest/oai/request</request><GetRecord><record><header><identifier>oai:docta.ucm.es:20.500.14352/135025</identifier><datestamp>2026-04-25T00:06:51Z</datestamp><setSpec>com_20.500.14352_14</setSpec><setSpec>col_20.500.14352_15</setSpec></header><metadata><record xmlns="http://www.loc.gov/MARC21/slim" xmlns:dcterms="http://purl.org/dc/terms/" xmlns:xsi="http://www.w3.org/2001/XMLSchema-instance" xmlns:doc="http://www.lyncode.com/xoai" xsi:schemaLocation="http://www.loc.gov/MARC21/slim http://www.loc.gov/standards/marcxml/schema/MARC21slim.xsd">
   <leader>00925njm 22002777a 4500</leader>
   <datafield ind2=" " ind1=" " tag="042">
      <subfield code="a">dc</subfield>
   </datafield>
   <datafield ind2=" " ind1=" " tag="720">
      <subfield code="a">DAngelo del Campo, Manuel Domingo</subfield>
      <subfield code="e">author</subfield>
   </datafield>
   <datafield ind2=" " ind1=" " tag="720">
      <subfield code="a">Fiorentino, Claudia</subfield>
      <subfield code="e">author</subfield>
   </datafield>
   <datafield ind2=" " ind1=" " tag="720">
      <subfield code="a">López‐Rey, José María</subfield>
      <subfield code="e">author</subfield>
   </datafield>
   <datafield ind2=" " ind1=" " tag="720">
      <subfield code="a">Cambra Moo, Óscar</subfield>
      <subfield code="e">author</subfield>
   </datafield>
   <datafield ind2=" " ind1=" " tag="720">
      <subfield code="a">Martín, Armando González</subfield>
      <subfield code="e">author</subfield>
   </datafield>
   <datafield ind2=" " ind1=" " tag="720">
      <subfield code="a">García Martínez, Daniel</subfield>
      <subfield code="e">author</subfield>
   </datafield>
   <datafield ind2=" " ind1=" " tag="720">
      <subfield code="a">Salega, Soledad</subfield>
      <subfield code="e">author</subfield>
   </datafield>
   <datafield ind2=" " ind1=" " tag="260">
      <subfield code="c">2026-01-30</subfield>
   </datafield>
   <datafield ind2=" " ind1=" " tag="520">
      <subfield code="a">Introduction. Entheseal changes are influenced by factors such as physical activity, age, sex, and genetics. While macroscopic and 3D geometric morphometric approaches have been used to study EC, the relationship between macroscopic appearance and microstructure remains still poorly understood. Material and Methods. M. deltoideus enthesis was analyzed in nine adult male humeri from Santa María de la Soledad ossuary in Almansa (12th–18th centuries, Spain). Macroscopic robusticity was recorded using Mariotti method to evaluate entheseal changes, while microanatomical analysis combined m-CT scanning and histological thin sections. Mineralized area (% Min. Ar.) was quantified using Fiji-ImageJ, and spatial distribution of non-mineralized cavities was mapped using GIS software. A Kruskal-Wallis test was performed in RStudio. Results. The value and distribution of the percentage of mineralized area (% Min. Ar.) depend on the degree of robusticity. Grade 3 entheses showed lower and more variable mineralization, with a valley-shaped distribution. Grades 1 and 2 entheses had a flat-distributed % Min. Ar. whose mean was over 90%. Histological analysis revealed secondary osteon dominance, while spatial analysis showed concentration of bone cavities within the entheses development areas. Conclusion. The study suggests that macroscopic EC grades may not represent successive phases of bone remodeling and adaptation to mechanical loading. Bone growth of entheses with degrees 1 and 2 is gradual, with a compact and well-organized internal anatomy, whereas entheses with degree 3 may result from extreme mechanical stress that triggers intense bone (re)modeling. Micro-CT and histology provided complementary insights, supporting non-destructive methods for future research.</subfield>
   </datafield>
   <datafield ind1="8" ind2=" " tag="024">
      <subfield code="a">DAngelo del Campo, M. D., Fiorentino, C., López-Rey, J. M., Cambra-Moo, Ó., Martín, A. G., García-Martínez, D., &amp; Salega, S. (2026). Divergent Macroscopic and Microscopic Patterns in Bony-Fibrous Entheses Revealed by a Multidisciplinary Approach. American Journal of Biological Anthropology, 189(2). https://doi.org/10.1002/AJPA.70207</subfield>
   </datafield>
   <datafield ind1="8" ind2=" " tag="024">
      <subfield code="a">2692-7691</subfield>
   </datafield>
   <datafield ind1="8" ind2=" " tag="024">
      <subfield code="a">10.1002/ajpa.70207</subfield>
   </datafield>
   <datafield ind1="8" ind2=" " tag="024">
      <subfield code="a">https://hdl.handle.net/20.500.14352/135025</subfield>
   </datafield>
   <datafield ind1="8" ind2=" " tag="024">
      <subfield code="a">1096-8644</subfield>
   </datafield>
   <datafield ind1="8" ind2=" " tag="024">
      <subfield code="a">https://doi.org/10.1002/ajpa.70207Digital Object Identifier (DOI)</subfield>
   </datafield>
   <datafield ind1="8" ind2=" " tag="024">
      <subfield code="a">https://onlinelibrary.wiley.com/doi/10.1002/ajpa.70207</subfield>
   </datafield>
   <datafield ind2="0" ind1="0" tag="245">
      <subfield code="a">Divergent Macroscopic and Microscopic Patterns in Bony‐Fibrous Entheses Revealed by a Multidisciplinary Approach</subfield>
   </datafield>
</record></metadata></record></GetRecord></OAI-PMH>